Brickbreaker Quiz - Statistics

General Stats
  • This quiz has been taken 10 times
  • The average score is 12 of 15
Answer Stats
Hint Answer % Correct
Breakable Bricks on Level 34 1
100%
Starting amount of lives 3
100%
Amount of hits needed to destroy strongest breakable brick 4
100%
Color of paddle Blue
100%
Powerup Life
100%
Powerup Long
100%
Bricks that cannot be destroyed by ball Metal
100%
Powerup Slow
100%
Powerup Flip
67%
Powerup Gun
67%
Powerup Laser
67%
Powerup Multi
67%
Powerup Bomb
33%
Powerup Catch
33%
Powerup Wrap
33%
No matching quizzes found
Score Distribution
Percent of People with Each Score
Percentile by Number Answered
Your Score History
You have not taken this quiz